000 00341nam a22001217a 4500
040 _cRUA
082 _aTRA AUG 2011 C217 Or.
100 _aTran Thi Hai.
245 _aGENDER ANALYSIS IN LAND MANAGEMENT AND CONSERVATION: A CASE STUDY FROM CENTRAL VIETNAM.
260 _aphnom penh
_brua
_c2003
300 _ax.85p.
_bill.
_c29cm.
942 _cREC
999 _c22547
_d22547